Delitos ecológicos /
Guardado en:
| Autor Principal: | |
|---|---|
| Formato: | Libro |
| Idioma: | Spanish |
| Publicado: |
Buenos Aires :
Depalma,
2000
|
| Edición: | 2a. ed. |
| Materias: | |
| Etiquetas: |
Agregar Etiqueta
Sin Etiquetas, Sea el primero en etiquetar este registro!
|
| LEADER | 00508nam a22001695a 4500 | ||
|---|---|---|---|
| 001 | DER.der000233 | ||
| 008 | 180615s2000####ag#||||||||||||||#||spa|| | ||
| 005 | 20251212180122.0 | ||
| 245 | 1 | 0 | |a Delitos ecológicos / |c Mauricio H. Libster |
| 250 | |a 2a. ed. | ||
| 260 | |a Buenos Aires : |b Depalma, |c 2000 | ||
| 300 | |a 366 p. | ||
| 020 | |a 9501417735 | ||
| 100 | 1 | |a Libster, Mauricio H. | |
| 650 | 7 | |a DERECHO AMBIENTAL | |
| 859 | |a DERECHO |b BIB. DERECHO |h 344.046 |i LIB |p 000579 | ||
| 859 | |a DERECHO |b BIB. DERECHO |h 344.046 |i LIB |p 000610 |t 1 | ||
